=LDR 00000nam 2200000 4500 =001 INLIS000000000020685 =005 20150417092638.0 =006 =007 =008 Ind =035 ##$$0010-061300000020685 =041 ##$$a Ind =082 ##$$a 2x4.1 =090 ##$$a 2x4.1, Asy k =100 ##$$a Asy Hari, M.A Ust =245 ##$$a Kunci ibadah, Ust. M.A Asyharie =260 ##$$a [s.a] $b Surabaya =300 ##$$a 122 hlm, 21 cm =650 ##$$a Ibadah =850 ##$$a NBPNMAT